书目信息 |
| 题名: |
思想方法与工作方法
|
|
| 作者: | 吴秉元 著 | |
| 分册: | ||
| 出版信息: | 北京 中国社会科学出版社 1984 |
|
| 页数: | 245页 | |
| 开本: | 19cm | |
| 丛书名: | ||
| 单 册: | ||
| 中图分类: | B026 | |
| 科图分类: | ||
| 主题词: | 思想方法 , 工作方法 | |
| 电子资源: | ||
| ISBN: | ||
| 000 | 00649nam0 2200241 45 | |
| 001 | 0184010722 | |
| 005 | 20060428092546.23 | |
| 010 | @dCNY0.75 | |
| 091 | @a2190.097 | |
| 100 | @a19950622d1984 em y0chiy0121 ea | |
| 101 | 0 | @achi |
| 102 | @aCN@b110000 | |
| 105 | @ay z 000yy | |
| 200 | 10 | @a思想方法与工作方法@Asi xiang fang fa yu gong zuo fang fa@f吴秉元著@Fwu bing yuan zhu |
| 210 | @a北京@c中国社会科学出版社@d1984 | |
| 215 | @a245页@d19cm | |
| 606 | @a思想方法 | |
| 606 | @a工作方法 | |
| 690 | @aB026@v3 | |
| 701 | 0 | @a吴秉元@Awu bing yuan@4著 |
| 801 | 2 | @aCN@bNLC@c20060428 |
| 801 | 0 | @aCN@b上海图书馆@c20040508 |
| 905 | @dB026@e22 | |
| 思想方法与工作方法/吴秉元著.-北京:中国社会科学出版社,1984 |
| 245页;19cm |
| ISBN :CNY0.75 |
| ● |
| 相关链接 |
|
|
|
|
正题名:思想方法与工作方法
索取号:B026/22
 
预约/预借
| 序号 | 登录号 | 条形码 | 馆藏地/架位号 | 状态 | 备注 |
| 1 | 0110652 | 001115803 | 第一样本阅览室/ [索取号:B026/22] | 在馆 | |
| 2 | 0110654 | 202299351 | 密集书库/ [索取号:B026/22] | 在馆 |